[Event "Basel op 24th"]
[Site "Basel"]
[Date "2022.03.04"]
[Round "1"]
[White "Pahud, Cedric"]
[Black "Chockalingam, Krithik"]
[Result "1-0"]
[WhiteElo "2169"]
[BlackElo "1625"]
[PlyCount "129"]
[EventDate "2022.03.04"]
[EventType "swiss"]
[EventRounds "5"]
[EventCountry "SUI"]
[SourceTitle "EXT 2024"]
[Source "ChessBase"]
[SourceDate "2023.10.10"]
[SourceVersion "1"]
[SourceVersionDate "2023.10.10"]
[SourceQuality "1"]

1. e4 c6 2. d4 d5 3. exd5 cxd5 4. Bd3 Nc6 5. c3 Nf6 6. Bf4 Bg4 7. Qb3 Qd7 8. Nd2 e6 9. Ngf3 Bxf3 10. Nxf3 Be7 11. Ne5 Qc8 12. 0-0 0-0 13. Rae1 Nd7 14. Qd1 Ncxe5 15. dxe5 f5 16. exf6 Nxf6 17. Qe2 Bc5 18. Qxe6+ Qxe6 19. Rxe6 Ng4 20. Bg3 Rf7 21. h3 Nf6 22. Bf4 Nh5 23. Be3 Nf4 24. Bxf4 Rxf4 25. Be2 d4 26. b4 Bb6 27. c4 Kf7 28. Re5 Rd8 29. Bd3 Bc7 30. Rh5 h6 31. Rd1 Rd7 32. Rf5+ Rxf5 33. Bxf5 Kf6 34. Be4 b6 35. g3 g5 36. Kf1 Rd8 37. Ke2 Be5 38. Kd3 Ke6 39. Re1 Kf6 40. Rf1 Ke6 41. Bd5+ Kf5 42. Be4+ Ke6 43. f4 gxf4 44. gxf4 Bf6 45. Re1 Rf8 46. Rg1 h5 47. a3 h4 48. Re1 Bh8 49. Bf3+ Kf5 50. Bg4+ Kg6 51. Re6+ Bf6 52. Ke4 Rd8 53. Be2 Kf7 54. f5 Kg7 55. c5 bxc5 56. bxc5 Kf7 57. c6 Rc8 58. Ba6 Rc7 59. Bc4 Kg7 60. Kd5 Rc8 61. Ba6 Rc7 62. Kd6 Bd8 63. Re8 d3 64. Bxd3 Rc8 65. Kd7 1-0

[Event "Basel Special op"]
[Site "Basel"]
[Date "2021.07.17"]
[Round "1"]
[White "Chockalingam, Krithik"]
[Black "Lohr, Matthias"]
[Result "0-1"]
[WhiteElo "1628"]
[BlackElo "2093"]
[PlyCount "86"]
[EventDate "2021.07.17"]
[EventType "swiss"]
[EventRounds "6"]
[EventCountry "SUI"]
[SourceTitle "CBM 203 Extra"]
[Source "ChessBase"]
[SourceDate "2021.09.30"]
[SourceVersion "1"]
[SourceVersionDate "2021.09.30"]
[SourceQuality "1"]

1. e4 c6 2. d4 d5 3. exd5 cxd5 4. Bd3 Nc6 5. c3 Nf6 6. h3 g6 7. Bf4 Bf5 8. Bxf5 gxf5 9. Nd2 Rg8 10. g3 e6 11. Qe2 Qb6 12. Rb1 0-0-0 13. h4 Re8 14. Ngf3 Ng4 15. Ne5 f6 16. Nxc6 Qxc6 17. Qd3 e5 18. Qxf5+ Kb8 19. dxe5 fxe5 20. Bg5 h5 21. f3 Nh6 22. Bxh6 Qxh6 23. Nf1 Bd6 24. Rh2 Rgf8 25. Qd3 e4 26. fxe4 dxe4 27. Qb5 Re5 28. Qe2 Ref5 29. Rh1 Qf6 30. Qc4 Rf2 31. Rd1 e3 32. Qd3 e2 33. Qxd6+ Qxd6 34. Rxd6 exf1Q+ 35. Rxf1 Rxf1+ 36. Ke2 Rb1 37. Rd2 Rg1 38. Rd3 Rg2+ 39. Ke1 Rxb2 40. Rd5 a6 41. Rxh5 Rff2 42. Rg5 Rh2 43. Rf5 Rb1# 0-1